00393nam a2200145Ia 4500008004100000020001400041041000800055082001900063100004300082245005800125250000600183260003800189300001100227650000900238210716s1987 xx 000 0 und d a471011282 aeng a005.36302 SCHG aSchneider, G Michael;Bruell, Steven C. aAdvanced programming and problem solving with pascal. a2 aNew YorkbJohn Wiley & sonsc1987 axv,621 aNone